00925nam a2200241 a 4500001001000000005001700010008004100027040001300068050002500081245005700106260011200163300003200275500004200307500004600349504003500395650004100430650003900471650003000510902000800540942001100548999001500559952010900574BRCA_176720190320203536.0900303s198u----mx-a#####b---s000-0#spa-# aDLCcDLC 4aNA5257.H5b.C66 198010aLos conventos del siglo XVI en el Estado de Hidalgo. aPachuca, MéxicobGobierno del Estado de Hidalgo ; Secretaría de Turismo ; Cultura y Recreaciónc198-? a261 p.bil. a colorc28 cm. aColección Sonia Corcuera de Mancera aEstado físico: encuadernado, enero 2013 aBibliografía: p. [264]-[265]14aArquitectura religiosazMéxico92414aArquitectura barrocazMéxico92314aConventoszMéxico95502 aDSC 2lcccB c1549d1549 00104070aBRCAbBRCAd2008-06-27l0oNA5257.H5 .C66 1980pDSC00017r2019-03-22 00:00:00w2019-03-22yB